Najwięcej razy zrobione quizy na Jetpunk - Statystyki

Ogólne statystyki
  • Ten quiz został rozwiązany 7 razy
  • Średni wynik to 3 z 15
Statystyki odpowiedzi
Quiz % Poprawnych
Państwa Świata
100%
Państwa Europy
57%
Państwa Azji
29%
12 Miesięcy w 15 Sekund
14%
Flagi Europy
14%
Największe miasta w Polsce
14%
Stany USA
14%
Stolice Europy
14%
Województwa Polski
14%
12 x 12 Tabela Mnożenia Dwuminutowy Sprint
0%
Co to za logo
0%
Losowe państwa na mapie świata
0%
Mapa świata bez 20 losowych państw
0%
Policz jak najwyżej w 15 sekund
0%
Szybkie pisanie od A do Z
0%
Nie znaleziono quizów pasujących do podanych kryteriów
Rozkład punktacji
Procent ludzi z każdym wynikiem
Percentyl według liczby udzielonych odpowiedzi
Twoja historia wyników
Nie rozwiązałeś tego quizu